000 00446nam a2200157 i 4500
001 41592
003 ES-MaACL
005 20230906160447.0
007 t|
008 030311s1974 sp ||||1| spa d
100 1 _aCassinello Pérez, Fernando.
_936362
245 1 0 _aConstrucción, hormigonería /
_cF. Cassinello.
260 _aMadrid :
_bRueda,
_c[1974]
300 _a656 p., 43 lám. :
_bil. ;
_c26 cm.
852 _aES-MaACL
_jC-56555
_bR.89544
999 _c41592
_d41592